[Event "SC Ridnaun-SC Naturns Jambo III"]
[Site "?"]
[Date "2013.11.23"]
[Round "3.2"]
[White "Helfer, August"]
[Black "Christanell, Anton"]
[Result "1/2-1/2"]
[WhiteElo "1582"]
[BlackElo "1587"]
[PlyCount "120"]
[EventDate "2013.??.??"]

1. d4 g6 2. c4 Bg7 3. Nc3 Nf6 4. Nf3 d6 5. Bg5 O-O 6. Qd2 Bg4 7. Nh4 Nc6 8. h3
Bd7 9. e4 h6 10. Be3 Kh7 11. Nf3 e6 12. Be2 Ne7 13. Rd1 Qc8 14. O-O Rd8 15. Nh2
b6 16. Ng4 Nfg8 17. f4 Bc6 18. Bd3 f5 19. Nh2 fxe4 20. Bxe4 Bxe4 21. Nxe4 Nf5
22. Qf2 Nxe3 23. Qxe3 d5 24. cxd5 exd5 25. Nc3 Re8 26. Qd3 c6 27. Nf3 Qf5 28.
Qxf5 gxf5 29. Ne5 Rac8 30. Nf7 Re6 31. Ne5 Nf6 32. Rc1 Bf8 33. g4 fxg4 34. hxg4
c5 35. Nb5 a6 36. Na3 c4 37. Nc2 Kg7 38. Ne3 Bd6 39. g5 hxg5 40. fxg5 Bxe5 41.
dxe5 Ne4 42. Nxd5 Rxe5 43. Ne3 Rxg5+ 44. Ng2 b5 45. Rf4 Nc5 46. Rd4 Re8 47. Rc2
Nd3 48. Rh4 Ne1 49. Rf2 Nxg2 50. Rxg2 Rxg2+ 51. Kxg2 Re2+ 52. Kf3 Rxb2 53. a4
Ra2 54. axb5 axb5 55. Rf4 c3 56. Ke3 Rb2 57. Kd3 Kg6 58. Kxc3 Ra2 59. Rb4 Ra3+
60. Kd4 Ra5 1/2-1/2

[Event "SC SSV Bruneck-J. Richter/Lask BZ II"]
[Site "?"]
[Date "2013.11.23"]
[Round "3.1"]
[White "Hermeter, Walter"]
[Black "Moling, Patrick"]
[Result "0-1"]
[WhiteElo "1550"]
[BlackElo "2085"]
[PlyCount "82"]
[EventDate "2013.??.??"]

1. e4 c5 2. Nf3 d6 3. d4 cxd4 4. Nxd4 Nf6 5. Nc3 a6 6. Be2 g6 7. O-O Bg7 8. Be3
O-O 9. Qd2 Nc6 10. a3 Bd7 11. f3 Rc8 12. Rad1 Qc7 13. Nd5 Nxd5 14. exd5 Nxd4
15. Bxd4 Qxc2 16. Bxg7 Qxd2 17. Rxd2 Kxg7 18. Re1 Rfe8 19. f4 h5 20. Bf3 Bf5
21. h3 Rc4 22. Rde2 Kf6 23. Be4 Rd4 24. Bf3 Rxf4 25. Re3 Rc4 26. Rf1 Kg7 27.
Rfe1 Kf8 28. Rf1 Rec8 29. Bxh5 Rc1 30. Bf3 Rxf1+ 31. Kxf1 Rc2 32. b4 b6 33. Ke1
Bd7 34. Be4 Ra2 35. g4 Bb5 36. Kd1 Rh2 37. Ke1 Ra2 38. Kd1 Bc4 39. Ke1 Kg7 40.
Bf3 e5 41. Be4 Kf6 0-1

[Event "SK Ehrenburg II-SC Algund"]
[Site "?"]
[Date "2013.11.23"]
[Round "3.1"]
[White "Wieser, Christoph"]
[Black "Mitterhofer, Martin"]
[Result "1-0"]
[WhiteElo "1777"]
[BlackElo "1528"]
[PlyCount "137"]
[EventDate "2013.??.??"]

1. e4 d6 2. Nc3 e5 3. Bc4 Nf6 4. d3 Be7 5. f4 Nc6 6. f5 Na5 7. Nf3 Nxc4 8. dxc4
b6 9. Be3 Bb7 10. Qd3 Qd7 11. h3 Qc6 12. b4 a6 13. Nd5 Nxd5 14. cxd5 Qb5 15.
Qc3 c5 16. bxc5 bxc5 17. Kf2 O-O 18. g4 a5 19. Rab1 Qd7 20. h4 Rfb8 21. g5 Bd8
22. h5 Qa4 23. Nd2 Bc8 24. Nc4 Bc7 25. h6 Ba6 26. Nd2 Rxb1 27. Rxb1 Rb8 28.
Rxb8+ Bxb8 29. hxg7 Kxg7 30. f6+ Kg8 31. Kf3 Qb5 32. Kg3 Bc7 33. Nf3 a4 34. Qd2
Qe2 35. Nh4 Qxd2 36. Bxd2 Be2 37. a3 Kf8 38. Kf2 Bd1 39. c3 Bc2 40. Kf3 Bd1+
41. Kf2 Bc2 42. Ke3 Bb6 43. c4 Bd1 44. Nf5 Bc7 45. Bc3 Bb3 46. Kd3 Ba2 47. Bxe5
dxe5 48. d6 Bb1+ 49. Ke3 Ba5 50. d7 Ba2 51. Nd6 Bc7 52. Kf3 Bb3 53. Kg4 Bd1+
54. Kf5 Be2 55. Nb7 Bxc4 56. d8=Q+ Bxd8 57. Nxd8 Ke8 58. Nb7 Kd7 59. Kxe5 Kc6
60. Na5+ Kb5 61. Nxc4 Kxc4 62. Kd6 Kd4 63. e5 c4 64. e6 c3 65. exf7 c2 66. f8=Q
c1=Q 67. Kd7 Ke4 68. f7 Qxg5 69. Qe8+ 1-0

[Event "SK Ehrenburg II-SC Algund"]
[Site "?"]
[Date "2013.11.23"]
[Round "3.2"]
[White "Falkensteiner, Benjamin"]
[Black "Hirber, Andreas"]
[Result "1-0"]
[WhiteElo "1433"]
[BlackElo "1530"]
[PlyCount "92"]
[EventDate "2013.??.??"]

1. e4 e5 2. Nf3 Nc6 3. Bb5 Nf6 4. O-O Ng4 5. c3 a6 6. Ba4 b5 7. Bb3 Nf6 8. Re1
a5 9. d4 exd4 10. cxd4 Bb4 11. Nc3 Bxc3 12. bxc3 d6 13. h3 h6 14. a3 O-O 15.
Rb1 Rb8 16. Bc2 b4 17. d5 Ne5 18. Nxe5 dxe5 19. axb4 axb4 20. Rxb4 Ba6 21. Ba3
Ra8 22. Rb1 Be2 23. Qc1 Ba6 24. Bxf8 Qxf8 25. Ra1 Qc5 26. Qa3 Qc4 27. Bb1 Bb7
28. Qb2 Ba6 29. Re3 Qc5 30. Bd3 Qd6 31. Qa3 Qb6 32. Qb4 Qb7 33. Qxb7 Bxb7 34.
Rxa8+ Bxa8 35. Ba6 Kf8 36. c4 Ke7 37. Rb3 Nd7 38. Bc8 Nb6 39. Ba6 Kd6 40. Ra3
c6 41. Ra5 cxd5 42. c5+ Kc6 43. cxb6 Kxb6 44. Ra1 d4 45. f3 g6 46. Bc4 f5 1-0

[Event "SK Ehrenburg II-SC Algund"]
[Site "?"]
[Date "2013.11.23"]
[Round "3.3"]
[White "Wieser, Franz"]
[Black "Zambelli, Walter"]
[Result "1/2-1/2"]
[WhiteElo "1341"]
[BlackElo "1381"]
[PlyCount "60"]
[EventDate "2013.??.??"]

1. d4 c6 2. Bf4 d5 3. e3 Bf5 4. Nd2 e6 5. Ngf3 Nf6 6. Bd3 Bxd3 7. cxd3 Qb6 8.
Qb3 Nbd7 9. Rc1 Be7 10. O-O O-O 11. Ne5 h6 12. Qxb6 Nxb6 13. Nb3 Nh5 14. Bg3
Bd6 15. Nc5 Nxg3 16. fxg3 Bxe5 17. dxe5 Rab8 18. b4 Rfd8 19. Rf2 d4 20. e4 Nd7
21. Nxd7 Rxd7 22. Rfc2 Rc8 23. a4 Kf8 24. Rc4 f6 25. b5 fxe5 26. bxc6 Rxc6 27.
Rxc6 bxc6 28. Rxc6 Kf7 29. Kf2 Rb7 30. Rc2 Kf6 1/2-1/2

[Event "SK Ehrenburg II-SC Algund"]
[Site "?"]
[Date "2013.11.23"]
[Round "3.4"]
[White "Ploner, Heinz"]
[Black "Hirber, Josef"]
[Result "1-0"]
[WhiteElo "1453"]
[BlackElo "1225"]
[PlyCount "51"]
[EventDate "2013.??.??"]

1. d4 Nf6 2. Nf3 d6 3. Bf4 b6 4. e3 c5 5. c3 Ba6 6. Bxa6 cxd4 7. Bb7 dxc3 8.
Nxc3 Nbd7 9. Bxa8 Qxa8 10. O-O h6 11. Nb5 Qb8 12. Rc1 e5 13. Bg3 Nc5 14. b4 Ne6
15. Qa4 Nd7 16. Nxa7 Qb7 17. Rc8+ Nd8 18. Rfc1 Qd5 19. R8c7 Qe6 20. Nc6 Be7 21.
Nb8 f5 22. Nxd7 Kf7 23. Nxb6 g5 24. h3 f4 25. exf4 gxf4 26. Bh4 1-0

[Event "SK Gries-SK Klausen"]
[Site "?"]
[Date "2013.11.23"]
[Round "3.1"]
[White "Schacher, Gerd"]
[Black "Spornberger, Maximilian"]
[Result "1/2-1/2"]
[WhiteElo "2334"]
[BlackElo "2257"]
[PlyCount "94"]
[EventDate "2013.??.??"]

1. c4 g6 2. Nc3 Bg7 3. d4 d6 4. e4 a6 5. Be3 Nf6 6. f3 O-O 7. Qd2 Nc6 8. Nge2
Rb8 9. Rc1 Bd7 10. Nd1 b5 11. c5 d5 12. e5 Ne8 13. Nf2 f6 14. f4 Bh6 15. h4 Kh8
16. h5 g5 17. fxg5 Bxg5 18. Bxg5 fxg5 19. Qxg5 Ng7 20. Qd2 Ne6 21. Rc3 Qe8 22.
Rh4 Rf7 23. Rhh3 b4 24. Rcd3 Na5 25. b3 Bb5 26. Rdf3 Nc6 27. Rxf7 Qxf7 28. Rf3
Qxh5 29. Nf4 Nxf4 30. Rxf4 Qg6 31. Bxb5 axb5 32. Nd1 Ra8 33. Qf2 Rg8 34. g4 Qd3
35. Qe3 Qc2 36. Rf2 Qb1 37. Qf4 Qd3 38. Rd2 Qh3 39. Nf2 Qg2 40. Ke2 Nd8 41. Qf5
Ne6 42. Qxe6 Rf8 43. Kd1 Rxf2 44. Rxf2 Qxf2 45. Qxd5 Qf1+ 46. Kd2 Qf2+ 47. Kd3
Qg3+ 1/2-1/2

[Event "SK Gries-SK Klausen"]
[Site "?"]
[Date "2013.11.23"]
[Round "3.2"]
[White "Spornberger, Andre"]
[Black "Seebacher, Reinhard"]
[Result "1-0"]
[WhiteElo "2121"]
[BlackElo "1864"]
[PlyCount "105"]
[EventDate "2013.??.??"]

1. e4 c6 2. d4 d5 3. exd5 cxd5 4. Bd3 Nc6 5. c3 Nf6 6. Bf4 g6 7. Nf3 Bg7 8. O-O
O-O 9. Re1 Bg4 10. h3 Bd7 11. Nbd2 Qc8 12. Ne5 Bf5 13. Ndf3 Bxd3 14. Qxd3 e6
15. Rac1 Nxe5 16. dxe5 Ne4 17. b4 f5 18. h4 h6 19. Qe3 Kh7 20. Nd4 g5 21. hxg5
hxg5 22. Bxg5 Bxe5 23. Qh3+ Kg8 24. Bh6 Qc4 25. Bxf8 Rxf8 26. Qe3 Rf6 27. Red1
f4 28. Qd3 Qc7 29. f3 Ng3 30. Re1 Bxd4+ 31. cxd4 Qb6 32. Rc8+ Kg7 33. Rec1 Nf5
34. R1c7+ Kh6 35. b5 Qa5 36. Rxb7 Qe1+ 37. Qf1 Qd2 38. Rh8+ Kg6 39. Rg8+ Kh6
40. Qf2 Qd1+ 41. Kh2 Rg6 42. Rxg6+ Kxg6 43. Rxa7 Ng3 44. Qg1 Qd3 45. Qe1 Nf1+
46. Kg1 Ne3 47. Rc7 Qxd4 48. Qb1+ Nc2+ 49. Kf1 Qd3+ 50. Kf2 Qd4+ 51. Ke2 Qe3+
52. Kd1 Qd3+ 53. Kc1 1-0

[Event "SK Gries-SK Klausen"]
[Site "?"]
[Date "2013.11.23"]
[Round "3.3"]
[White "Schrott, Johann"]
[Black "Fongarolli, Diego"]
[Result "1-0"]
[WhiteElo "1792"]
[BlackElo "1950"]
[PlyCount "107"]
[EventDate "2013.??.??"]

1. e4 c5 2. Nf3 d6 3. d4 cxd4 4. Nxd4 Nf6 5. Nc3 a6 6. a4 e5 7. Nb3 Be7 8. Be2
O-O 9. Be3 Be6 10. O-O Nbd7 11. a5 Rc8 12. Kh1 Qc7 13. f3 Qc6 14. Bd3 d5 15.
exd5 Nxd5 16. Nxd5 Bxd5 17. c3 Rfd8 18. Nd2 g6 19. Qc2 Nc5 20. Bxc5 Bxc5 21.
Be4 Be7 22. Rfd1 Kg7 23. Bxd5 Rxd5 24. Nb3 Rcd8 25. Rxd5 Qxd5 26. Kg1 f5 27.
Re1 Rd7 28. Re2 Bc5+ 29. Kf1 Ba7 30. Rd2 Qb5+ 31. c4 Rxd2 32. Nxd2 Qxa5 33. Nb3
Qb6 34. c5 Qb5+ 35. Ke1 Qb4+ 36. Ke2 Kf6 37. Kd1 Qb5 38. Ke1 a5 39. g4 a4 40.
Nd2 Bxc5 41. h4 Qb4 42. g5+ Ke6 43. Ke2 Qd4 44. b4 Qxb4 45. Qa2+ Kd6 46. Qf7
Kc6 47. Qxh7 Qb5+ 48. Kd1 Qd3 49. Qxg6+ Kb5 50. Qe8+ Kb4 51. Qxe5 a3 52. g6 Be3
53. Qe7+ Ka5 54. Qxe3 1-0

[Event "SK Gries-SK Klausen"]
[Site "?"]
[Date "2013.11.23"]
[Round "3.4"]
[White "Paulmichl, Martin"]
[Black "Schrott, Ernst"]
[Result "1-0"]
[WhiteElo "1933"]
[BlackElo "1857"]
[PlyCount "65"]
[EventDate "2013.??.??"]

1. d4 g6 2. e4 Bg7 3. Nc3 d6 4. Be3 Nf6 5. f3 O-O 6. Qd2 c6 7. Bd3 b5 8. O-O-O
b4 9. Nce2 a5 10. Bh6 Na6 11. Bxg7 Kxg7 12. g4 Qb6 13. h4 Ng8 14. h5 a4 15.
hxg6 hxg6 16. Qg5 Rd8 17. Nf4 b3 18. axb3 axb3 19. c3 Nc7 20. Nge2 Ba6 21. Kd2
Bxd3 22. Nxd3 Ne6 23. Qh4 Ra2 24. f4 c5 25. f5 d5 26. fxe6 Qxe6 27. e5 c4 28.
Nef4 Qc8 29. e6 fxe6 30. Qh7+ Kf8 31. Nxg6+ Ke8 32. Nde5 Rxb2+ 33. Ke3 1-0

[Event "SK Gries-SK Klausen"]
[Site "?"]
[Date "2013.11.23"]
[Round "3.5"]
[White "Seebacher, Michael"]
[Black "Zammarchi, Massimo"]
[Result "0-1"]
[WhiteElo "1472"]
[BlackElo "1922"]
[PlyCount "44"]
[EventDate "2013.??.??"]

1. e4 e5 2. Nf3 Nc6 3. Bb5 a6 4. Ba4 Nf6 5. O-O Be7 6. Re1 b5 7. Bb3 O-O 8. c3
d5 9. exd5 Nxd5 10. d4 exd4 11. Nxd4 Nxd4 12. Qxd4 Bb7 13. Nd2 Bf6 14. Qd3 Nxc3
15. Qg3 Na4 16. Bxa4 bxa4 17. Nc4 Qd5 18. Ne3 Qa5 19. Rf1 h5 20. Rb1 Be4 21.
Ra1 Rad8 22. Rd1 Rxd1+ 0-1

[Event "SK Gries-SK Klausen"]
[Site "?"]
[Date "2013.11.23"]
[Round "3.6"]
[White "Niederstaetter, Harald"]
[Black "Sigmund, Ingenuin"]
[Result "1-0"]
[WhiteElo "1912"]
[BlackElo "1717"]
[PlyCount "123"]
[EventDate "2013.??.??"]

1. d4 e6 2. Nf3 b6 3. e3 Nf6 4. Bd3 Bb7 5. Nbd2 d5 6. Ne5 Be7 7. O-O O-O 8. b3
c5 9. Bb2 Qc7 10. a3 Nc6 11. f4 a5 12. Qe2 a4 13. Rf3 Ra7 14. dxc5 h6 15. Nxc6
Bxc6 16. cxb6 Qxb6 17. Bd4 Qb7 18. Bxa7 Qxa7 19. Kh1 Ng4 20. Rg3 f5 21. h3 Bh4
22. Rxg4 fxg4 23. Qxg4 Qxe3 24. Nf1 Qd4 25. Rd1 Qf6 26. g3 d4+ 27. Kh2 Bg5 28.
Re1 Bd5 29. Be4 axb3 30. Bxd5 exd5 31. cxb3 d3 32. Qe6+ Qxe6 33. Rxe6 Bf6 34.
Rd6 d4 35. Kg2 Rc8 36. Kf3 Rc2 37. g4 Ra2 38. a4 Rb2 39. a5 Rxb3 40. Nd2 Ra3
41. a6 Ra2 42. Ne4 d2 43. Ke2 d3+ 44. Kd1 Bh4 45. Rxd3 Rxa6 46. Kxd2 Kf8 47.
Ke3 Ra1 48. Kd4 Be7 49. Ng3 Ra4+ 50. Ke3 Ra2 51. Nf5 Bc5+ 52. Kf3 Rf2+ 53. Kg3
g5 54. Rd8+ Kf7 55. Nxh6+ Ke7 56. Rd5 gxf4+ 57. Kh4 Rc2 58. Rf5 Rc4 59. Kh5 Ke6
60. Ng8 Be7 61. h4 Rc5 62. Nxe7 1-0

[Event "SK Taufers-J. Richter/Lask BZ"]
[Site "?"]
[Date "2013.11.23"]
[Round "3.1"]
[White "Moncher, Stefano"]
[Black "Forer, Erich"]
[Result "1-0"]
[WhiteElo "2178"]
[BlackElo "1838"]
[PlyCount "101"]
[EventDate "2013.??.??"]

1. e4 d6 2. d4 Nf6 3. Nc3 g6 4. g3 Bg7 5. Bg2 O-O 6. Nge2 Nbd7 7. O-O e5 8. h3
c6 9. Be3 b5 10. d5 c5 11. Nxb5 Nb6 12. b3 Ne8 13. Qd2 Bf6 14. a4 Bd7 15. Bh6
Bxb5 16. axb5 Ng7 17. c4 Qe7 18. Ra6 Rfb8 19. Rfa1 Ne8 20. Nc3 Rb7 21. Nd1 Rab8
22. h4 Ra8 23. Ne3 Qd8 24. Ng4 Be7 25. Bg5 Nf6 26. Nh6+ Kg7 27. Rf1 Nh5 28. Bf3
Nf6 29. Kg2 Nbd7 30. Rfa1 Nb8 31. R6a3 Nbd7 32. Qe2 Ng8 33. Bxe7 Nxe7 34. Qe3
Ng8 35. Nxg8 Qxg8 36. Bg4 Nb6 37. Ra6 Qd8 38. Qc3 Qe7 39. f4 f6 40. Be6 Rf8 41.
R6a2 Qc7 42. Rf2 Rbb8 43. Raf1 Rbe8 44. fxe5 fxe5 45. Rf7+ Rxf7 46. Rxf7+ Qxf7
47. Bxf7 Kxf7 48. b4 Rc8 49. Qa1 Ke7 50. Qxa7+ Nd7 51. Qa6 1-0

[Event "SK Taufers-J. Richter/Lask BZ"]
[Site "?"]
[Date "2013.11.23"]
[Round "3.2"]
[White "Holzer, Phillipp"]
[Black "Billio, Atto"]
[Result "0-1"]
[WhiteElo "1831"]
[BlackElo "1993"]
[PlyCount "190"]
[EventDate "2013.??.??"]

1. Nc3 d5 2. e4 d4 3. Nce2 c5 4. Ng3 Nf6 5. Bc4 Nc6 6. d3 e6 7. Nf3 Bd6 8. O-O
Qc7 9. a3 h5 10. Nh4 Bf4 11. Qf3 Bxc1 12. Raxc1 Bd7 13. Ne2 Ke7 14. Qg3 Qxg3
15. Nxg3 Ne5 16. Ba2 g5 17. Nf3 Nxf3+ 18. gxf3 h4 19. e5 hxg3 20. exf6+ Kxf6
21. fxg3 Bc6 22. Rf2 Ke7 23. Re1 Kd6 24. c3 Rh6 25. Ree2 Rah8 26. Kf1 Rf6 27.
f4 g4 28. Rd2 Rfh6 29. Ke1 Bf3 30. Bb3 Rh3 31. Bd1 Bxd1 32. Kxd1 dxc3 33. bxc3
R3h5 34. Kc2 Rc8 35. Kb3 Rc6 36. Rfe2 Rb6+ 37. Kc2 Ra6 38. Kb3 Rd5 39. Re4 b5
40. Kb2 Ke7 41. Re3 Ra4 42. Re1 Kd6 43. Re3 Ke7 44. Re1 f6 45. Re3 Rd6 46. Rde2
Rda6 47. d4 Rxa3 48. dxc5 R3a4 49. Re4 Rxe4 50. Rxe4 Ra4 51. Rb4 a6 52. Rd4 Rc4
53. Rd6 a5 54. Ra6 a4 55. Ra7+ Ke8 56. Ra8+ Kd7 57. Ra7+ Ke8 58. Ra8+ Kf7 59.
Ra7+ Kg6 60. Rc7 Kf5 61. c6 e5 62. Rb7 Rxc6 63. Rxb5 a3+ 64. Kxa3 Rxc3+ 65. Kb2
Rc4 66. Kb3 Rd4 67. Kc3 Rd6 68. fxe5 fxe5 69. Rb8 Ke4 70. Re8 Rf6 71. Kd2 Rf2+
72. Ke1 Rxh2 73. Rg8 Kf3 74. Re8 e4 75. Re7 e3 76. Rf7+ Kxg3 77. Rf8 Rf2 78.
Re8 Rf3 79. Ke2 Kh2 80. Rg8 Rf2+ 81. Kxe3 g3 82. Rg7 Rf5 83. Rh7+ Kg1 84. Ke2
g2 85. Rg7 Rf2+ 86. Ke1 Rf6 87. Ke2 Rh6 88. Kf3 Rh3+ 89. Ke2 Ra3 90. Ke1 Kh2
91. Kf2 Ra2+ 92. Kf3 Kg1 93. Rb7 Ra3+ 94. Ke2 Kh2 95. Rh7+ Rh3 0-1

[Event "SK Taufers-J. Richter/Lask BZ"]
[Site "?"]
[Date "2013.11.23"]
[Round "3.3"]
[White "Bevilacqua, Maurizio"]
[Black "Niederkofler, Andreas"]
[Result "1-0"]
[WhiteElo "1979"]
[BlackElo "1794"]
[PlyCount "75"]
[EventDate "2013.??.??"]

1. d4 Nf6 2. Nf3 e6 3. c4 b6 4. a3 Ba6 5. Nbd2 c5 6. dxc5 Bxc5 7. b4 Be7 8. Bb2
O-O 9. g3 d6 10. Bg2 Bb7 11. O-O Nbd7 12. Rc1 Rc8 13. Re1 a5 14. Qb3 axb4 15.
axb4 d5 16. e4 Nxe4 17. Nxe4 dxe4 18. Nd4 Nf6 19. Nb5 Qd2 20. Bc3 Qd3 21. Bf1
Qf3 22. Re3 Qf5 23. h3 Rfd8 24. Ra1 Rd3 25. Ra7 Rxe3 26. fxe3 Rb8 27. Qb2 Qg5
28. Be5 Rd8 29. Bf4 Qh5 30. Rxb7 Bf8 31. g4 Nxg4 32. hxg4 Qxg4+ 33. Qg2 Qh5 34.
Be2 Qh4 35. Qg3 Qf6 36. Nd6 Qb2 37. Kf2 f5 38. Be5 1-0

[Event "SK Taufers-J. Richter/Lask BZ"]
[Site "?"]
[Date "2013.11.23"]
[Round "3.4"]
[White "Haidacher, Gerold"]
[Black "De Vita, Gianni"]
[Result "1/2-1/2"]
[WhiteElo "1699"]
[BlackElo "1925"]
[PlyCount "96"]
[EventDate "2013.??.??"]

1. d4 d5 2. c4 e6 3. Nf3 c6 4. Nc3 f5 5. cxd5 exd5 6. g3 Nf6 7. Bg2 Bd6 8. O-O
O-O 9. Re1 Ne4 10. Qc2 Nd7 11. b3 Ndf6 12. Bb2 Qe7 13. e3 Bd7 14. Ne5 Be8 15.
f3 Nxc3 16. Bxc3 Nd7 17. e4 fxe4 18. fxe4 Nxe5 19. dxe5 Bc5+ 20. Kh1 d4 21.
Bxd4 Bxd4 22. Qc4+ Bf7 23. Qxd4 Rfe8 24. Rad1 Qxe5 25. Qxe5 Rxe5 26. Rd7 Rb8
27. Kg1 Kf8 28. Kf2 Re7 29. Red1 Ke8 30. R7d6 Bg6 31. Ke3 Kf7 32. Rf1+ Kg8 33.
Rf4 Rbe8 34. g4 Bf7 35. h4 Rc8 36. Rf2 c5 37. Rc2 b5 38. Bf1 Bg6 39. Bd3 Bxe4
40. Bxe4 Rce8 41. Rxc5 Rxe4+ 42. Kf3 Re3+ 43. Kf2 Rh3 44. Rd7 Rf8+ 45. Kg2 Rxh4
46. Kg3 Rh6 47. Rxb5 a6 48. Rg5 Rf7 1/2-1/2

[Event "SK Taufers-J. Richter/Lask BZ"]
[Site "?"]
[Date "2013.11.23"]
[Round "3.5"]
[White "Kowalczyk, Martin"]
[Black "Ratschiller, Manuel"]
[Result "0-1"]
[WhiteElo "1840"]
[BlackElo "1496"]
[PlyCount "110"]
[EventDate "2013.??.??"]

1. e4 e5 2. Nf3 Nc6 3. Bb5 Nd4 4. Nxd4 exd4 5. O-O c6 6. Bd3 Bc5 7. c3 Ne7 8.
Qh5 d5 9. b4 Bb6 10. a4 O-O 11. exd5 g6 12. Qe2 Nxd5 13. Qf3 Bc7 14. Ba3 dxc3
15. Nxc3 Nxb4 16. Bxb4 Qh4 17. g3 Qxb4 18. Rab1 Qd4 19. Rfe1 Bg4 20. Qe4 Qxe4
21. Nxe4 Bc8 22. Nf6+ Kg7 23. Ne8+ Rxe8 24. Rxe8 Rb8 25. Bc4 Bf5 26. Rxb8 Bxb1
27. Rxb7 Bb6 28. Bxf7 Kf6 29. Bg8 Bc2 30. a5 Bd4 31. Rxh7 Bd3 32. h4 a6 33. Rd7
c5 34. Bd5 Bb5 35. Be4 Bxd7 36. Bd3 Bc8 37. Kf1 Bb2 38. g4 Ba3 39. f4 Bb4 40.
Ke1 Bxa5 41. g5+ Kg7 42. Ke2 Bc7 43. Ke3 a5 44. Bb5 Kf7 45. Be2 Bf5 46. h5 gxh5
47. Bxh5+ Ke7 48. Bd1 Bd7 49. Bc2 a4 50. f5 a3 51. f6+ Kf7 52. Bb3+ Be6 53. g6+
Kxf6 54. g7 Bxb3 55. g8=Q Bxg8 0-1

[Event "SK Taufers-J. Richter/Lask BZ"]
[Site "?"]
[Date "2013.11.23"]
[Round "3.6"]
[White "Innerbichler, Robert"]
[Black "Rigo, Gianfranco"]
[Result "0-1"]
[WhiteElo "1424"]
[BlackElo "1899"]
[PlyCount "66"]
[EventDate "2013.??.??"]

1. e4 c5 2. Bc4 e6 3. Nc3 Nc6 4. a3 Nf6 5. d3 d5 6. exd5 exd5 7. Ba2 Be7 8. h3
O-O 9. Nf3 Be6 10. Ng5 Bf5 11. O-O h6 12. Nf3 Qd7 13. Bf4 Rad8 14. Qd2 g5 15.
Ne5 Qe6 16. Nxc6 bxc6 17. Rfe1 Qd7 18. Bg3 Bd6 19. Ne2 Rfe8 20. Bxd6 Qxd6 21.
Ng3 Bg6 22. Rac1 Re5 23. d4 Rxe1+ 24. Rxe1 c4 25. Re3 Qb8 26. c3 Re8 27. Rxe8+
Qxe8 28. b3 cxb3 29. Bxb3 Qe7 30. a4 Qa3 31. Bc2 Qb2 32. Nf1 Qxc2 33. Qxc2 Bxc2
0-1

[Event "ASD Arci Scacchi II-SC Ridnaun"]
[Site "?"]
[Date "2013.11.30"]
[Round "4.1"]
[White "Aigner, Helmut"]
[Black "Seresin, Francesco"]
[Result "1/2-1/2"]
[WhiteElo "1829"]
[BlackElo "1797"]
[PlyCount "114"]
[EventDate "2013.??.??"]

1. e4 c5 2. Nf3 d6 3. d4 cxd4 4. Nxd4 Nf6 5. Nc3 a6 6. Bg5 Nbd7 7. f3 Qb6 8.
Nb3 e6 9. Qd2 Be7 10. O-O-O Qc7 11. Kb1 O-O 12. h4 Rb8 13. g4 b5 14. h5 b4 15.
Ne2 a5 16. Ned4 a4 17. Na1 Qc5 18. Be3 Qc7 19. Nb5 Qa5 20. Nxd6 Ne5 21. Nc4
Nxc4 22. Bxc4 Qc7 23. Qe2 Nd7 24. g5 Ne5 25. Bd3 a3 26. f4 axb2 27. Nb3 Nxd3
28. cxd3 Ba6 29. Qxb2 Rfd8 30. Bd4 Qxf4 31. h6 f6 32. gxf6 Bxf6 33. Rhg1 e5 34.
Nc5 b3 35. axb3 exd4 36. Nxa6 Rb6 37. Nc5 g6 38. Rgf1 Qe5 39. Rc1 Be7 40. Na4
Rb4 41. Rc4 Rxc4 42. dxc4 Qxe4+ 43. Ka2 Bf8 44. Qf2 Qe6 45. Re1 Qd6 46. c5 Qd5
47. Qf4 d3 48. Re5 Qg2+ 49. Ka3 d2 50. Qc4+ Kh8 51. Qc3 d1=N 52. Qa5 Ra8 53.
Qe1 Qc2 54. Re8 Qc1+ 55. Kb4 Rxe8 56. Qxe8 Qxh6 57. Nb6 Qg7 1/2-1/2

[Event "J. Richter/Lask BZ II-Groeden II"]
[Site "?"]
[Date "2013.11.30"]
[Round "4.4"]
[White "Hermeter, Walter"]
[Black "Grossrubatscher, Johann"]
[Result "1-0"]
[WhiteElo "1550"]
[BlackElo "1541"]
[PlyCount "49"]
[EventDate "2013.??.??"]

1. e4 d5 2. exd5 Qxd5 3. d4 Nc6 4. Nf3 Bg4 5. Be2 e6 6. O-O O-O-O 7. Be3 f6 8.
a3 Nge7 9. Nbd2 h5 10. b4 Nf5 11. c4 Qd7 12. Nb3 b6 13. c5 Qd5 14. Rc1 Nxe3 15.
fxe3 Qe4 16. Rc3 e5 17. Nbd2 Qd5 18. e4 Qd7 19. d5 Bxf3 20. Nxf3 Nd4 21. Nxd4
exd4 22. Qxd4 Qa4 23. cxb6 axb6 24. Qxb6 Bd6 25. Rfc1 1-0

[Event "J. Richter/Lask BZ-Groeden"]
[Site "?"]
[Date "2013.11.30"]
[Round "4.1"]
[White "Moroder, Stephan"]
[Black "De Eccher, Stefano"]
[Result "0-1"]
[WhiteElo "2139"]
[BlackElo "2239"]
[PlyCount "58"]
[EventDate "2013.??.??"]

1. d4 d5 2. c4 c6 3. Nc3 dxc4 4. a4 e5 5. dxe5 Qxd1+ 6. Kxd1 Be6 7. Ne4 Na6 8.
Nd6+ Bxd6 9. exd6 O-O-O 10. Bf4 Nf6 11. f3 Nd5 12. Bg3 Ne3+ 13. Kd2 Nf5 14. Bf2
Rxd6+ 15. Kc3 Rhd8 16. e4 Nd4 17. Bxc4 Bxc4 18. Kxc4 b5+ 19. Kc3 Nc5 20. axb5
Nxb5+ 21. Kc4 Nd3 22. Nh3 Nxf2 23. Nxf2 Rd2 24. Ng4 R8d4+ 25. Kb3 R4d3+ 26. Ka4
Rxb2 27. Rhc1 Kb7 28. Ne5 Rd4+ 29. Ka5 Nc3 0-1

[Event "J. Richter/Lask BZ-Groeden"]
[Site "?"]
[Date "2013.11.30"]
[Round "4.2"]
[White "Moncher, Stefano"]
[Black "Bernardi, Ruben"]
[Result "1-0"]
[WhiteElo "2178"]
[BlackElo "2090"]
[PlyCount "123"]
[EventDate "2013.??.??"]

1. e4 e6 2. d4 d5 3. Nc3 Bb4 4. Nge2 dxe4 5. a3 Be7 6. Nxe4 Nf6 7. Qd3 O-O 8.
Bf4 Bd7 9. O-O-O Nxe4 10. Qxe4 Bc6 11. Qe3 Bd6 12. Bg5 Qe8 13. Nc3 f6 14. Bh4
Kh8 15. Bg3 Nd7 16. Re1 Qh5 17. Be2 Qg5 18. f4 Qa5 19. Qxe6 Bxa3 20. Qb3 Bb4
21. f5 Rac8 22. Bc4 Nb6 23. Be6 Rcd8 24. Bxc7 Rxd4 25. Rd1 Qa1+ 26. Nb1 Bc5 27.
Rxd4 Bxd4 28. Rd1 Nd5 29. Rxd4 Nxc7 30. Qb4 Ra8 31. Bf7 Qa6 32. Qe1 Qb6 33. Rh4
h6 34. Nc3 Be8 35. Bc4 Rd8 36. Re4 Qc6 37. Bb3 Bd7 38. g4 Qd6 39. Ne2 Qxh2 40.
Nf4 Bc6 41. Ng6+ Kh7 42. Re7 Qd6 43. Bf7 Bf3 44. Kb1 Bxg4 45. Qe4 h5 46. Nf4
Qa6 47. Nd3 Qd6 48. Nf2 Rd7 49. Bg6+ Kg8 50. Re8+ Nxe8 51. Qxe8+ Qf8 52. Qxd7
Bf3 53. Qe6+ Kh8 54. Qe3 Bd5 55. Qe2 Kg8 56. Qxh5 Qc5 57. Nd3 Qg1+ 58. Nc1 Qh1
59. Qe2 Bf7 60. Qe7 Qd5 61. b3 a5 62. c4 1-0

[Event "J. Richter/Lask BZ-Groeden"]
[Site "?"]
[Date "2013.11.30"]
[Round "4.3"]
[White "Oberrauch, Martin"]
[Black "Billio, Atto"]
[Result "1-0"]
[WhiteElo "2043"]
[BlackElo "1993"]
[PlyCount "53"]
[EventDate "2013.??.??"]

1. e4 c5 2. d3 a6 3. f4 d5 4. e5 Nc6 5. Nf3 Bg4 6. Nbd2 Nh6 7. Be2 Nf5 8. Nf1
f6 9. Ne3 Nxe3 10. Bxe3 d4 11. Bd2 Qd5 12. O-O g6 13. h3 Bd7 14. c4 dxc3 15.
Bxc3 Bg7 16. d4 b5 17. dxc5 Qxc5+ 18. Kh1 b4 19. Be1 Qb6 20. exf6 exf6 21. Bf2
Qc7 22. Bc4 Ne7 23. Rc1 Qxf4 24. Re1 Rc8 25. Qd5 Rf8 26. Rcd1 Bc6 27. Rxe7+ 1-0

[Event "J. Richter/Lask BZ-Groeden"]
[Site "?"]
[Date "2013.11.30"]
[Round "4.4"]
[White "De Vita, Gianni"]
[Black "Moroder, Thomas"]
[Result "1/2-1/2"]
[WhiteElo "1925"]
[BlackElo "1912"]
[PlyCount "137"]
[EventDate "2013.??.??"]

1. d4 Nf6 2. c4 g6 3. Nc3 Bg7 4. Nf3 O-O 5. g3 d6 6. Bg2 Nbd7 7. O-O c6 8. h3
e5 9. Be3 Re8 10. dxe5 dxe5 11. Qd2 Qe7 12. Rfd1 Nc5 13. Nh4 Be6 14. b3 Rad8
15. Qc2 a5 16. Rxd8 Rxd8 17. Rd1 Nfd7 18. Ne4 Nxe4 19. Qxe4 f5 20. Qc2 f4 21.
Bc1 Qc5 22. gxf4 Rf8 23. Qe4 Qe7 24. Nf3 Nc5 25. Ba3 Nxe4 26. Bxe7 Re8 27. Ba3
exf4 28. Kf1 Nc3 29. Re1 Nxa2 30. Bd6 Bc3 31. Rd1 Rd8 32. e4 fxe3 33. fxe3 Bf5
34. c5 Bc2 35. Rd4 Bxd4 36. Nxd4 Bd3+ 37. Ke1 Nb4 38. Kd2 Re8 39. Bf3 Be4 40.
Bg4 Bd5 41. Bd7 Rd8 42. Bg4 h5 43. Be2 Rd7 44. Nf3 Bxb3 45. e4 a4 46. Kc3 Na6
47. Nd4 Nc7 48. Nxb3 axb3 49. Bc4+ Kg7 50. Kxb3 Nb5 51. e5 Nxd6 52. cxd6 Kf8
53. Kb4 b6 54. h4 Ke8 55. Bd3 Rg7 56. e6 g5 57. Be4 c5+ 58. Kb5 gxh4 59. Bc6+
Kd8 60. e7+ Rxe7 61. dxe7+ Kxe7 62. Kxb6 c4 63. Kc5 c3 64. Be4 Kf6 65. Kd4 h3
66. Kxc3 Ke5 67. Kd3 Kf4 68. Bb7 Kg3 69. Ke3 1/2-1/2